(Khmer and English) Am I small? / (Record no. 48112)
| 000 -LEADER | |
|---|---|
| fixed length control field | 00509nam a2200145 4500 |
| 020 ## - INTERNATIONAL STANDARD BOOK NUMBER | |
| International Standard Book Number | 9781530232765 |
| 100 ## - MAIN ENTRY--PERSONAL NAME | |
| Personal name | Winterberg,Phillip |
| 9 (RLIN) | 85871 |
| 245 ## - TITLE STATEMENT | |
| Title | (Khmer and English) Am I small? / |
| Statement of responsibility, etc | Phillip winterberg and others. |
| 260 ## - PUBLICATION, DISTRIBUTION, ETC. (IMPRINT) | |
| Place of publication, distribution, etc | Munster, Germany: |
| Date of publication, distribution, etc | 2013. |
| 300 ## - PHYSICAL DESCRIPTION | |
| Extent | unpaged. |
| Other physical details | col. ill. |
| Type of unit | 25 cm. |
| 500 ## - GENERAL NOTE | |
| General note | Originally published in German as Bin ich klein? [tittle page]. |
| 700 ## - ADDED ENTRY--PERSONAL NAME | |
| Relator code | illustrator. |
| Personal name | Nadja Wichmann. |
| 9 (RLIN) | 85872 |
| 700 ## - ADDED ENTRY--PERSONAL NAME | |
| Relator code | Translator. |
| Personal name | Kheng Piseth. |
| 9 (RLIN) | 85873 |
| 942 ## - ADDED ENTRY ELEMENTS (KOHA) | |
| Source of classification or shelving scheme | |
| Koha item type | Book |
| Withdrawn status | Lost status | Source of classification or shelving scheme | Damaged status | Not for loan | Collection code | Home library | Current library | Date acquired | Total Checkouts | Full call number | Barcode | Date last seen | Date checked out | Price effective from | Koha item type |
|---|---|---|---|---|---|---|---|---|---|---|---|---|---|---|---|
| TEACHERS' RESOURCES | Asian Hope Early Years Library | Asian Hope Early Years Library | 12/16/2024 | 2 | KHMER E WIN | 207305 | 04/06/2026 | 03/26/2026 | 12/16/2024 | Book |